[Event "FRA-ch Blitz Online Qual"]
[Site "Europe Echecs INT"]
[Date "2020.05.16"]
[Round "10"]
[White "Cassam Chenai, Antoine"]
[Black "Gimenez, Adrien"]
[Result "1-0"]
[WhiteElo "1839"]
[BlackElo "1591"]
[PlyCount "123"]
[EventDate "2020.05.16"]
[EventType "swiss (blitz)"]
[EventRounds "15"]
[EventCountry "FRA"]
[SourceTitle "CBM 196 Extra"]
[Source "ChessBase"]
[SourceDate "2020.07.31"]
[SourceVersion "1"]
[SourceVersionDate "2020.07.31"]
[SourceQuality "1"]

1. e4 d6 2. d4 Nf6 3. Nc3 g6 4. Be3 Bg7 5. Qd2 Ng4 6. Bg5 h6 7. Bh4 Nd7 8. 0-0-0 Ngf6 9. f3 0-0 10. g4 Nh7 11. Bf2 e5 12. d5 a6 13. h4 b5 14. Be3 g5 15. hxg5 Nxg5 16. Be2 Nb6 17. Nh3 f6 18. Nxg5 fxg5 19. Bd3 Rxf3 20. Rdf1 Bxg4 21. Rxf3 Bxf3 22. Rg1 Qf6 23. Qf2 Bh5 24. Bxb6 cxb6 25. Qxb6 Qf4+ 26. Kb1 Qf6 27. Qc6 Qd8 28. Rf1 Be8 29. Qb7 Qc8 30. Qe7 Qd7 31. Qe6+ Qxe6 32. dxe6 Ra7 33. Nd5 Bf8 34. Nf6+ Kg7 35. Nxe8+ Kg6 36. Rxf8 Re7 37. Nxd6 Rxe6 38. Nf5 Kh5 39. Rg8 Kg4 40. Nxh6+ Rxh6 41. b3 Kf4 42. Rf8+ Kg4 43. Be2+ Kh4 44. Rf1 Rg6 45. Kb2 g4 46. Rg1 g3 47. Bf3 Rg5 48. Kc3 Rg6 49. Kb4 Rc6 50. c4 bxc4 51. bxc4 Rg6 52. Kc5 Rf6 53. Rh1+ Kg5 54. Be2 Rf2 55. Bf1 Kf4 56. Rg1 Kf3 57. a4 Ra2 58. Kb4 Kf2 59. Rg2+ Kxf1 60. Rxa2 g2 61. Rxg2 Kxg2 62. c5 1-0

[Event "FRA-ch Blitz Online Qual"]
[Site "Europe Echecs INT"]
[Date "2020.05.16"]
[Round "15"]
[White "Gimenez, Adrien"]
[Black "Andre, Sebastien"]
[Result "0-1"]
[WhiteElo "1591"]
[BlackElo "1610"]
[PlyCount "114"]
[EventDate "2020.05.16"]
[EventType "swiss (blitz)"]
[EventRounds "15"]
[EventCountry "FRA"]
[SourceTitle "CBM 196 Extra"]
[Source "ChessBase"]
[SourceDate "2020.07.31"]
[SourceVersion "1"]
[SourceVersionDate "2020.07.31"]
[SourceQuality "1"]

1. e4 e6 2. d4 d5 3. exd5 exd5 4. Bd3 Bd6 5. Nf3 Bg4 6. c3 Nf6 7. 0-0 0-0 8. Be3 Nbd7 9. Nbd2 c6 10. Rc1 Qc7 11. h3 Bh5 12. Re1 Rae8 13. c4 dxc4 14. Nxc4 Bf4 15. a4 Nd5 16. Bxf4 Qxf4 17. Be2 N7f6 18. Qd2 Qxd2 19. Ncxd2 Ne4 20. Nc4 Re7 21. Nce5 Rfe8 22. Bc4 Bxf3 23. Nxf3 Nb4 24. Ne5 Nd6 25. Ba2 Kf8 26. Bb3 f6 27. Nf3 Rxe1+ 28. Rxe1 Rxe1+ 29. Nxe1 Ne4 30. Bc4 Nd2 31. Be6 Ke7 32. Bf5 g6 33. Bc8 b6 34. h4 Nc4 35. b3 Nd6 36. Bh3 Nb7 37. Nf3 Na5 38. Nd2 Kd6 39. g4 Kd5 40. f4 Kxd4 41. Kf1 Kc3 42. Ke1 Nxb3 43. Nxb3 Kxb3 44. f5 gxf5 45. g5 fxg5 46. hxg5 Nc2+ 47. Kd2 Nd4 48. Ke3 Kc4 49. Kf4 b5 50. axb5 cxb5 51. Bxf5 Nxf5 52. Kxf5 b4 53. Kf6 b3 54. Kg7 b2 55. Kxh7 b1Q+ 56. g6 Qxg6+ 57. Kxg6 a5 0-1

[Event "FRA-ch Blitz Online Qual"]
[Site "Europe Echecs INT"]
[Date "2020.05.16"]
[Round "7"]
[White "Gimenez, Adrien"]
[Black "Dimey, Cyrille"]
[Result "1-0"]
[WhiteElo "1591"]
[BlackElo "1871"]
[PlyCount "81"]
[EventDate "2020.05.16"]
[EventType "swiss (blitz)"]
[EventRounds "15"]
[EventCountry "FRA"]
[SourceTitle "CBM 196 Extra"]
[Source "ChessBase"]
[SourceDate "2020.07.31"]
[SourceVersion "1"]
[SourceVersionDate "2020.07.31"]
[SourceQuality "1"]

1. e4 e6 2. d4 d5 3. exd5 exd5 4. Bd3 Nc6 5. c3 Bd6 6. Nf3 Nge7 7. 0-0 Bg4 8. h3 Bh5 9. Be3 Qd7 10. Nbd2 0-0-0 11. Rc1 f5 12. Bg5 h6 13. Bxe7 Nxe7 14. Qc2 g5 15. Rfe1 g4 16. hxg4 Bxg4 17. Ne5 Bxe5 18. Rxe5 Ng6 19. Bxf5 Bxf5 20. Rxf5 Nh4 21. Rf4 Nxg2 22. Kxg2 Rhg8+ 23. Kh2 Qe8 24. Qf5+ Kb8 25. Rg1 Rxg1 26. Kxg1 Qe1+ 27. Kg2 Qxd2 28. Qf8 Rc8 29. Qxh6 Qxb2 30. Rf5 Qxa2 31. Qe3 a5 32. Qe6 Qb3 33. Qxd5 Qxc3 34. Qxa5 Qxd4 35. f4 Qe4+ 36. Kg3 Rg8+ 37. Rg5 Qe1+ 38. Kg4 Qe2+ 39. Kf5 Qd3+ 40. Kg4 Qf1 41. Rxg8# 1-0

[Event "FRA-ch Blitz Online Qual"]
[Site "Europe Echecs INT"]
[Date "2020.05.16"]
[Round "13"]
[White "Gimenez, Adrien"]
[Black "Hetier, Thomas"]
[Result "0-1"]
[WhiteElo "1591"]
[BlackElo "1598"]
[PlyCount "72"]
[EventDate "2020.05.16"]
[EventType "swiss (blitz)"]
[EventRounds "15"]
[EventCountry "FRA"]
[SourceTitle "CBM 196 Extra"]
[Source "ChessBase"]
[SourceDate "2020.07.31"]
[SourceVersion "1"]
[SourceVersionDate "2020.07.31"]
[SourceQuality "1"]

1. e4 c5 2. Nc3 e6 3. g3 Nc6 4. Bg2 Nf6 5. Nge2 Be7 6. d3 0-0 7. h3 h6 8. Be3 d5 9. exd5 exd5 10. d4 cxd4 11. Nxd4 Be6 12. 0-0 Rc8 13. a3 Qd7 14. Nxe6 fxe6 15. Re1 e5 16. Nxd5 Nxd5 17. Bxd5+ Kh8 18. c4 Qxh3 19. Bg2 Qf5 20. Qe2 a6 21. Rad1 Rfd8 22. Bb6 Rf8 23. Be4 Qf6 24. Rd7 Nd4 25. Bxd4 exd4 26. Bxb7 Rce8 27. Bd5 d3 28. Qd2 Bc5 29. Rxe8 Rxe8 30. Rf7 Qg6 31. Kg2 Re2 32. Qa5 d2 33. Qd8+ Kh7 34. Bf3 Rxf2+ 35. Kh3 Qe6+ 36. Kh4 Rh2# 0-1

[Event "FRA-ch Blitz Online Qual"]
[Site "Europe Echecs INT"]
[Date "2020.05.16"]
[Round "1"]
[White "Gimenez, Adrien"]
[Black "Viennois, Romain"]
[Result "1-0"]
[WhiteElo "1591"]
[BlackElo "1981"]
[PlyCount "89"]
[EventDate "2020.05.16"]
[EventType "swiss (blitz)"]
[EventRounds "15"]
[EventCountry "FRA"]
[SourceTitle "CBM 196 Extra"]
[Source "ChessBase"]
[SourceDate "2020.07.31"]
[SourceVersion "1"]
[SourceVersionDate "2020.07.31"]
[SourceQuality "1"]

1. e4 e5 2. Nf3 Nc6 3. Bc4 Nf6 4. d3 Bc5 5. 0-0 d6 6. c3 a6 7. Bb3 Ba7 8. h3 h6 9. Re1 0-0 10. Nbd2 Re8 11. Nf1 Be6 12. Bc2 Ne7 13. Ng3 Ng6 14. d4 c6 15. Be3 Qc7 16. Qd2 Kh7 17. Rad1 Bb6 18. Nh2 Rad8 19. Qc1 d5 20. dxe5 Bxe3 21. Qxe3 Qxe5 22. Nf3 Qf4 23. Qxf4 Nxf4 24. exd5+ Kg8 25. dxe6 Nxe6 26. Bb3 Nc5 27. Bc2 b5 28. Nd4 Rxe1+ 29. Rxe1 Rc8 30. Re7 Kf8 31. Ra7 Nd5 32. b4 Ne6 33. Nxe6+ fxe6 34. Ne4 Nf4 35. Kf1 Rd8 36. Rxa6 Nd3 37. Rxc6 Nf4 38. Rd6 Ra8 39. Bb3 Ke7 40. Rb6 Rd8 41. Rxb5 Rd3 42. Rc5 Nd5 43. Bxd5 exd5 44. Ng3 Kd6 45. Ke2 1-0